000
00218 a2200097 4500
001
32689
100
_a
Salisbury, H E
245
_a
American in Russia
260
_a
New york
_b
Happer & Broths
_c
090
_c
21890
_d
21890
942
_a
NUST-CAE
_c
M
_c
13214
999
_c
267762
_d
267762